[Event "51 CIS serie A1/2"]
[Site "?"]
[Date "2019.03.16"]
[Round "3.4"]
[White "Navarro, Stefano"]
[Black "Bisi, Samuele"]
[Result "1/2-1/2"]
[WhiteElo "2268"]
[BlackElo "2080"]
[PlyCount "39"]
[EventDate "2019.??.??"]
[WhiteTeam "Il Grifone di Arzignano"]
[BlackTeam "Acqui"]

1. e4 c5 2. Nf3 e6 3. d3 Nc6 4. g3 g6 5. Bg2 Bg7 6. O-O d6 7. c3 e5 8. Be3 Nf6
9. h3 O-O 10. Nbd2 Nh5 11. Nb3 a5 12. a4 f5 13. exf5 gxf5 14. Nxe5 Nxe5 15.
Qxh5 Nxd3 16. Qe2 Ne5 17. Nd2 Qf6 18. Nc4 Nxc4 19. Qxc4+ Be6 20. Bd5 1/2-1/2

[Event "51 CIS serie A1/2"]
[Site "?"]
[Date "2019.03.16"]
[Round "3.1"]
[White "Lain, Luigi"]
[Black "Tratar, Marko"]
[Result "0-1"]
[WhiteElo "2242"]
[BlackElo "2455"]
[PlyCount "74"]
[EventDate "2019.??.??"]
[WhiteTeam "Vicenza 1"]
[BlackTeam "SST 1904"]

1. d4 e6 2. c4 Bb4+ 3. Nc3 c5 4. d5 f5 5. e4 fxe4 6. dxe6 Bxc3+ 7. bxc3 Nf6 8.
Bf4 dxe6 9. Qxd8+ Kxd8 10. Ne2 Nc6 11. Nc1 e5 12. Be3 b6 13. Nb3 Kc7 14. g3 Ne8
15. Nd2 Nd6 16. Bg2 Bf5 17. h3 Na5 18. g4 Bg6 19. Bg5 Naxc4 20. O-O-O Raf8 21.
Bh4 h5 22. Nxc4 Nxc4 23. Rde1 Nd6 24. Bg3 Re8 25. Rd1 hxg4 26. hxg4 Rxh1 27.
Bxh1 Nf7 28. Re1 Kd7 29. Bxe4 Bxe4 30. Rxe4 g5 31. Kc2 Ke6 32. c4 Rd8 33. Kc3
Rd4 34. Rxd4 exd4+ 35. Kd3 Ne5+ 36. Ke4 Nxg4 37. Bb8 Nxf2+ 0-1

[Event "51 CIS serie A1/2"]
[Site "?"]
[Date "2019.03.16"]
[Round "3.2"]
[White "Lostuzzi, Manlio"]
[Black "Gennari, Jacopo"]
[Result "1-0"]
[WhiteElo "2393"]
[BlackElo "2096"]
[PlyCount "89"]
[EventDate "2019.??.??"]
[WhiteTeam "SST 1904"]
[BlackTeam "Vicenza 1"]

1. e4 e6 2. Nf3 d5 3. e5 c5 4. d3 Nc6 5. Bf4 Nge7 6. c3 Ng6 7. Bg3 d4 8. Nbd2
Be7 9. Be2 O-O 10. O-O f6 11. exf6 Bxf6 12. c4 b6 13. Re1 Bb7 14. a3 a5 15. b3
Qd7 16. Rb1 Rad8 17. Ne4 Nce5 18. Nxf6+ gxf6 19. b4 Nxf3+ 20. Bxf3 Bxf3 21.
Qxf3 axb4 22. axb4 e5 23. bxc5 bxc5 24. h4 Rf7 25. Rb6 Kg7 26. h5 Ne7 27. h6+
Kg8 28. Rxf6 Ng6 29. Rxf7 Qxf7 30. Qg4 Re8 31. Rxe5 Rxe5 32. Bxe5 Qe7 33. Bg3
Qe1+ 34. Kh2 Kf7 35. Qf5+ Ke8 36. Qc8+ Kf7 37. Qxc5 Qd2 38. Qf5+ Ke7 39. f4 Qd1
40. Qg5+ Ke8 41. f5 Nf8 42. Bh4 Qe2 43. Qd8+ Kf7 44. Qxd4 Qh5 45. Qf6+ 1-0

[Event "51 CIS serie A1/2"]
[Site "?"]
[Date "2019.03.16"]
[Round "3.4"]
[White "Marchesich, Giovanni"]
[Black "De Grandi, Samuele"]
[Result "1-0"]
[WhiteElo "2027"]
[BlackElo "1947"]
[PlyCount "99"]
[EventDate "2019.??.??"]
[WhiteTeam "SST 1906"]
[BlackTeam "Vicenza 1"]

1. e4 c5 2. Nf3 g6 3. d4 cxd4 4. Qxd4 Nf6 5. e5 Nc6 6. Qa4 Nd5 7. Qe4 Nc7 8.
Bf4 Bg7 9. Nc3 Ne6 10. Bg3 Qa5 11. O-O-O O-O 12. h4 h5 13. Bc4 a6 14. Ng5 Bh6
15. f4 Kg7 16. Kb1 Nc5 17. Qd5 e6 18. Qd6 b6 19. Nce4 Nb7 20. Qd3 Ne7 21. Be1
Qa4 22. Bb3 Qc6 23. Bb4 Nc5 24. Bxc5 bxc5 25. Qc4 Nd5 26. Ba4 Qc7 27. Nxc5 Ra7
28. Rxd5 exd5 29. Qxd5 Bxg5 30. hxg5 Bb7 31. Qd4 Kg8 32. Nxd7 Bxg2 33. Rg1 Rd8
34. Rxg2 Rxd7 35. Bxd7 Qxd7 36. Rd2 Qxd4 37. Rxd4 Kf8 38. Kc1 Ke7 39. Kd2 Ke6
40. Ke3 Kf5 41. Kf3 Ke6 42. Rd6+ Ke7 43. c4 a5 44. c5 a4 45. c6 Rc7 46. Rd7+
Rxd7 47. cxd7 Kxd7 48. b4 a3 49. b5 Kc7 50. f5 1-0

[Event "51 CIS serie A1/2"]
[Site "Verona"]
[Date "2019.03.16"]
[Round "3.2"]
[White "Santolini, Luigi"]
[Black "Giancotti, Eraldo"]
[Result "1-0"]
[WhiteElo "2221"]
[BlackElo "2076"]
[PlyCount "71"]
[EventDate "2019.03.14"]
[EventType "team"]
[EventRounds "5"]
[EventCountry "ITA"]
[WhiteTeam "CIB Unigas E. Canal Venezia A"]
[BlackTeam "UNIONE SCACCHISTICA TRENTINA"]
[WhiteTeamCountry "ITA"]
[BlackTeamCountry "ITA"]

1. d4 Nf6 2. c4 c5 3. d5 e5 4. Nc3 d6 5. e4 Nbd7 6. Bd3 Be7 7. Nge2 O-O 8. h3
a6 9. Be3 Rb8 10. Qb1 Ne8 11. O-O Bg5 12. Qc1 Bxe3 13. Qxe3 Ndf6 14. a3 Nc7 15.
b4 Nd7 16. Rab1 Qh4 17. Na4 cxb4 18. Rxb4 b5 19. Rfb1 Kh8 20. cxb5 Nxb5 21.
Bxb5 axb5 22. Rxb5 Ra8 23. Nb6 Nxb6 24. Rxb6 f5 25. exf5 Bxf5 26. R1b4 Qe7 27.
Ng3 Bg6 28. a4 Bc2 29. Ne4 Rfd8 30. Rb7 Rd7 31. Rb8+ Rxb8 32. Rxb8+ Rd8 33. Qb6
Rg8 34. Nxd6 Bxa4 35. Rb7 Bd7 36. Qc7 1-0

[Event "51 CIS serie A1/2"]
[Site "Verona"]
[Date "2019.03.16"]
[Round "3.3"]
[White "Teutsch, Alexander"]
[Black "Moncher, Stefano"]
[Result "1/2-1/2"]
[WhiteElo "2148"]
[BlackElo "2241"]
[PlyCount "63"]
[EventDate "2019.03.14"]
[EventType "team"]
[EventRounds "5"]
[EventCountry "ITA"]
[WhiteTeam "UNIONE SCACCHISTICA TRENTINA"]
[BlackTeam "CIB Unigas E. Canal Venezia A"]
[WhiteTeamCountry "ITA"]
[BlackTeamCountry "ITA"]

1. d4 Nf6 2. c4 g6 3. Nc3 Bg7 4. e4 d6 5. f4 O-O 6. Nf3 c5 7. d5 e6 8. Be2 exd5
9. exd5 Re8 10. O-O Bf5 11. Bd3 Ne4 12. Nxe4 Bxe4 13. Qc2 Bxf3 14. Rxf3 Bd4+
15. Kh1 Re1+ 16. Rf1 Rxf1+ 17. Bxf1 Nd7 18. Bd2 Nf6 19. Be2 Qe7 20. Bf3 Re8 21.
g3 Ne4 22. Kg2 f5 23. Re1 Kf7 24. Bxe4 fxe4 25. Be3 Qf6 26. b3 h5 27. Qf2 Bc3
28. Rf1 Kg7 29. h3 Bd4 30. Rd1 Bxe3 31. Qxe3 a6 32. a4 1/2-1/2

[Event "51 CIS serie A1/2"]
[Site "Verona"]
[Date "2019.03.16"]
[Round "3.4"]
[White "Milazzo, Mario"]
[Black "Comai, Samuele"]
[Result "1-0"]
[WhiteElo "2090"]
[BlackElo "2002"]
[PlyCount "81"]
[EventDate "2019.03.14"]
[EventType "team"]
[EventRounds "5"]
[EventCountry "ITA"]
[WhiteTeam "CIB Unigas E. Canal Venezia A"]
[BlackTeam "UNIONE SCACCHISTICA TRENTINA"]
[WhiteTeamCountry "ITA"]
[BlackTeamCountry "ITA"]

1. d4 Nf6 2. Nf3 e6 3. g3 d5 4. c4 c6 5. Bg2 Bd6 6. O-O Nbd7 7. Nbd2 O-O 8. e4
Nxe4 9. Nxe4 dxe4 10. Ng5 Nf6 11. Nxe4 Nxe4 12. Bxe4 f5 13. Bc2 e5 14. dxe5
Bxe5 15. Qxd8 Rxd8 16. Bg5 Rf8 17. Be7 Re8 18. Ba3 Bd4 19. Rfe1 Be6 20. Rad1
Bf6 21. b3 Kf7 22. Bc5 a5 23. Bd4 Red8 24. Bxf6 Kxf6 25. f4 a4 26. Rxd8 Rxd8
27. Rd1 Rxd1+ 28. Bxd1 Ke7 29. c5 Bd5 30. Kf2 Ke6 31. Ke3 Be4 32. Kd4 Bd5 33.
bxa4 Bxa2 34. a5 h6 35. Bf3 Kd7 36. Ke5 Bb1 37. h4 Bd3 38. Bh5 Ke7 39. Bg6 Be2
40. Bxf5 Bf3 41. Bc8 1-0

[Event "51 CIS serie A1/2"]
[Site "Verona"]
[Date "2019.03.17"]
[Round "4.2"]
[White "De Eccher, Stefano"]
[Black "De Santis, Alessio"]
[Result "1-0"]
[WhiteElo "2192"]
[BlackElo "2267"]
[PlyCount "49"]
[EventDate "2019.03.14"]
[EventType "team"]
[EventRounds "5"]
[EventCountry "ITA"]
[WhiteTeam "CIB Unigas E. Canal Venezia A"]
[BlackTeam "Il Grifone di Arzignano"]
[WhiteTeamCountry "ITA"]
[BlackTeamCountry "ITA"]

1. e4 b6 2. d4 Bb7 3. Bd3 e6 4. Ne2 c5 5. c3 Qc7 6. O-O c4 7. Bc2 d6 8. Nd2 Nd7
9. b3 cxb3 10. axb3 Ngf6 11. Ba3 Be7 12. c4 O-O 13. e5 Ne8 14. Ne4 f5 15. exf6
gxf6 16. Nf4 Ng7 17. Qg4 Rf7 18. Nxe6 Qc6 19. d5 Qc8 20. Nxg7 Rxg7 21. Qe6+ Kh8
22. Bxd6 Bxd6 23. Nxd6 Nc5 24. Qxf6 Qg4 25. Nf7+ 1-0

[Event "51 CIS serie A1/2"]
[Site "Verona"]
[Date "2019.03.17"]
[Round "4.3"]
[White "Simoli, Sergio"]
[Black "Santolini, Luigi"]
[Result "1/2-1/2"]
[WhiteElo "2257"]
[BlackElo "2221"]
[PlyCount "106"]
[EventDate "2019.03.14"]
[EventType "team"]
[EventRounds "5"]
[EventCountry "ITA"]
[WhiteTeam "Il Grifone di Arzignano"]
[BlackTeam "CIB Unigas E. Canal Venezia A"]
[WhiteTeamCountry "ITA"]
[BlackTeamCountry "ITA"]

1. c4 e6 2. g3 f5 3. Bg2 Nf6 4. Nf3 d5 5. O-O c6 6. b3 Bd6 7. Bb2 O-O 8. d3
Nbd7 9. Nbd2 Qe7 10. Re1 e5 11. cxd5 cxd5 12. e4 Nc5 13. Nxe5 Bxe5 14. d4 fxe4
15. dxe5 Ng4 16. Re2 Nxf2 17. Rxf2 Rxf2 18. Ba3 Rf7 19. Nxe4 dxe4 20. Qd5 Be6
21. Qxc5 Qxc5+ 22. Bxc5 Rc8 23. Bxa7 Ra8 24. Bc5 Bxb3 25. Bxe4 Rxa2 26. Rb1 Bc2
27. Bd5 Bxb1 28. e6 Re7 29. Bxa2 Bxa2 30. Bxe7 Bxe6 31. Kf2 Bh3 32. Ke3 Kf7 33.
Bb4 Ke6 34. Kd4 Kf5 35. Bd6 Kg4 36. Ke3 b5 37. Be5 g6 38. Bc3 h5 39. Bb4 Bg2
40. Kf2 Kh3 41. Kg1 Bd5 42. Be1 Bf7 43. Bd2 Kg4 44. Kf2 Bd5 45. h4 Bc6 46. Bb4
Be4 47. Bd6 Kf5 48. Ke3 Ke6 49. Bf8 Kd5 50. Be7 Bf5 51. Kd2 Kc4 52. Kc1 Kb3 53.
Bf6 Ka2 1/2-1/2

[Event "51 CIS serie A1/2"]
[Site "Verona"]
[Date "2019.03.17"]
[Round "4.4"]
[White "Gallana, Marco"]
[Black "Navarro, Stefano"]
[Result "1-0"]
[WhiteElo "2225"]
[BlackElo "2268"]
[PlyCount "131"]
[EventDate "2019.03.14"]
[EventType "team"]
[EventRounds "5"]
[EventCountry "ITA"]
[WhiteTeam "CIB Unigas E. Canal Venezia A"]
[BlackTeam "Il Grifone di Arzignano"]
[WhiteTeamCountry "ITA"]
[BlackTeamCountry "ITA"]

1. Nf3 d5 2. d4 Nf6 3. c4 e6 4. g3 c6 5. Bg2 Nbd7 6. Nbd2 Bd6 7. O-O O-O 8. Qc2
Re8 9. Rd1 Qe7 10. b3 e5 11. e4 dxe4 12. Nxe4 Nxe4 13. Qxe4 Nf6 14. Qc2 e4 15.
Re1 Bb4 16. Bd2 Bxd2 17. Nxd2 Bf5 18. Nf1 Qd7 19. Ne3 Bh3 20. Rad1 Bxg2 21.
Kxg2 Rad8 22. d5 Qc7 23. dxc6 bxc6 24. Rxd8 Rxd8 25. Rd1 h5 26. Rxd8+ Qxd8 27.
Qd1 Qe7 28. Qd2 g6 29. h4 Nd7 30. Qd4 Nc5 31. Nd1 Nd3 32. Kf1 c5 33. Qd5 Nb4
34. Qa8+ Kg7 35. Nc3 e3 36. Qe4 Qxe4 37. Nxe4 exf2 38. Nxc5 Nxa2 39. Kxf2 Kf6
40. Nd3 Nc3 41. Ke3 a5 42. Nc5 Ke5 43. Kd3 Nd1 44. Ke2 Nc3+ 45. Kd3 Na2 46. Ke3
Kd6 47. Nb7+ Kc6 48. Nxa5+ Kb6 49. b4 Nxb4 50. Nb3 Kc6 51. Kf4 Kd6 52. Nd2 Nd3+
53. Ke3 Ne5 54. Ne4+ Ke6 55. Kd4 Nf3+ 56. Ke3 Ne5 57. Kd4 Nf3+ 58. Ke3 Ne1 59.
Ng5+ Ke7 60. Kd2 Ng2 61. Ke2 f6 62. Nf3 g5 63. hxg5 fxg5 64. Nxg5 Kf6 65. Kf2
h4 66. Kxg2 1-0

[Event "51 CIS serie A1/2"]
[Site "?"]
[Date "2019.03.17"]
[Round "4.1"]
[White "Tratar, Marko"]
[Black "Mukic, Josko"]
[Result "1/2-1/2"]
[WhiteElo "2455"]
[BlackElo "2311"]
[PlyCount "87"]
[EventDate "2019.??.??"]
[WhiteTeam "SST 1904"]
[BlackTeam "U.S.Trentina"]

1. Nf3 e6 2. g3 f5 3. Bg2 Nf6 4. O-O d6 5. c4 Be7 6. Nc3 O-O 7. b3 Nc6 8. Bb2
e5 9. e3 Qe8 10. d3 Qh5 11. Nd5 Bd8 12. Nd2 Qh6 13. f4 Be6 14. Qe2 Bxd5 15.
Bxd5+ Kh8 16. Bxc6 bxc6 17. Rae1 Ng4 18. Qg2 Bf6 19. d4 exf4 20. exf4 Rae8 21.
Rxe8 Rxe8 22. h3 Ne3 23. Re1 Qg6 24. Qf3 Nc2 25. Rxe8+ Qxe8 26. Qd3 Ne1 27.
Qxf5 Qe3+ 28. Kf1 h6 29. Ne4 Nd3 30. Qc8+ Kh7 31. Nxf6+ gxf6 32. Qd7+ Kh8 33.
Qc8+ Kg7 34. Qxc7+ Kg8 35. Qc8+ Kf7 36. Qc7+ Kg8 37. Qb8+ Kf7 38. Qxa7+ Kg8 39.
Qb8+ Kf7 40. Qc7+ Kg8 41. Qc8+ Kf7 42. Qd7+ Kg8 43. Qg4+ Kf8 44. Qc8+ 1/2-1/2

[Event "51 CIS serie A1/2"]
[Site "Verona"]
[Date "2019.03.17"]
[Round "4.2"]
[White "Mosna, Stefano"]
[Black "Lostuzzi, Manlio"]
[Result "0-1"]
[WhiteElo "2129"]
[BlackElo "2393"]
[PlyCount "88"]
[EventDate "2019.03.14"]
[EventType "team"]
[EventRounds "5"]
[EventCountry "ITA"]
[WhiteTeam "U.S. Trentina"]
[BlackTeam "SST 1904"]
[WhiteTeamCountry "ITA"]
[BlackTeamCountry "ITA"]

1. e4 e5 2. Nc3 Nf6 3. g3 d5 4. exd5 Nxd5 5. Bg2 Nxc3 6. bxc3 Bc5 7. Ne2 Nc6 8.
O-O O-O 9. d3 Be6 10. Be3 Bd5 11. Bxc5 Bxg2 12. Bxf8 Bxf1 13. Qxf1 Qxf8 14. Rb1
b6 15. Qg2 Qd6 16. Rb5 Re8 17. Qe4 Qe6 18. Qa4 h5 19. Qb3 Qg4 20. Qd5 Re6 21.
Kf1 Rd6 22. Qg2 Qa4 23. Rd5 Qxc2 24. Qe4 Rxd5 25. Qxd5 Qd1+ 26. Kg2 Qxe2 27.
Qxc6 Qxd3 28. Qe8+ Kh7 29. Qxe5 g6 30. Qxc7 Qd5+ 31. Kf1 Qxa2 32. c4 Qa1+ 33.
Kg2 Kg7 34. Qc6 Qe5 35. h4 Qc5 36. Qe4 a5 37. Qc2 Qc6+ 38. Kh2 Kg8 39. Qd3 Qc5
40. Qe2 a4 41. Qe8+ Kg7 42. Qxa4 Qxf2+ 43. Kh3 Qg1 44. Qa2 Qh1+ 0-1

[Event "51 CIS serie A1/2"]
[Site "Verona"]
[Date "2019.03.17"]
[Round "4.3"]
[White "Bevilacqua, Andrea"]
[Black "Teutsch, Alexander"]
[Result "0-1"]
[WhiteElo "2120"]
[BlackElo "2148"]
[PlyCount "98"]
[EventDate "2019.03.14"]
[EventType "team"]
[EventRounds "5"]
[EventCountry "ITA"]
[WhiteTeam "SST 1904"]
[BlackTeam "U.S. Trentina"]
[WhiteTeamCountry "ITA"]
[BlackTeamCountry "ITA"]

1. e4 g6 2. d4 Bg7 3. c3 d6 4. h3 Nf6 5. Bd3 O-O 6. Nf3 Nc6 7. O-O h6 8. Be3 e5
9. Nbd2 Nh5 10. dxe5 dxe5 11. Nb3 Qf6 12. Qe2 Nd8 13. Bc4 Ne6 14. g3 Kh7 15.
Kh2 Qe7 16. Rad1 a5 17. a4 Bd7 18. Bb5 Bxb5 19. Qxb5 c6 20. Qc4 b5 21. Qxc6
Rfc8 22. Qd7 Qf6 23. Kg2 bxa4 24. Qxa4 Rab8 25. Rd2 Qe7 26. Nxa5 Ra8 27. Ra1
Rd8 28. b4 f5 29. Rxd8 Qxd8 30. Rd1 Qf6 31. exf5 gxf5 32. Qc2 Kh8 33. Bc1 Rf8
34. Nc4 e4 35. Nd4 f4 36. Qxe4 fxg3 37. f3 Nef4+ 38. Bxf4 Nxf4+ 39. Kxg3 Qg5+
40. Kf2 Nxh3+ 41. Ke1 Qg3+ 42. Kd2 Nf2 43. Qe3 Nxd1 44. Kxd1 h5 45. Nd2 h4 46.
Ne4 Qg6 47. Qg5 Qxg5 48. Nxg5 Bxd4 49. cxd4 Rg8 0-1

[Event "51 CIS serie A1/2"]
[Site "Verona"]
[Date "2019.03.17"]
[Round "4.4"]
[White "Comai, Samuele"]
[Black "Marchesich, Giovanni"]
[Result "1-0"]
[WhiteElo "2002"]
[BlackElo "2027"]
[PlyCount "51"]
[EventDate "2019.03.14"]
[EventType "team"]
[EventRounds "5"]
[EventCountry "ITA"]
[WhiteTeam "U.S. Trentina"]
[BlackTeam "SST 1904"]
[WhiteTeamCountry "ITA"]
[BlackTeamCountry "ITA"]

1. d4 Nf6 2. Bf4 g6 3. Nf3 Bg7 4. e3 O-O 5. Be2 b6 6. O-O Bb7 7. c3 d6 8. a4 a6
9. Nbd2 Nbd7 10. h3 Qe8 11. Nc4 Ne4 12. Qb3 Rb8 13. Rfd1 Kh8 14. Bh2 e6 15.
Ncd2 f5 16. Nxe4 fxe4 17. Ng5 Bd5 18. c4 Ba8 19. Bg4 Rf6 20. Qc2 d5 21. cxd5
exd5 22. Qxc7 Rb7 23. Bxd7 Qxd7 24. Qxd7 Rxd7 25. h4 Bh6 26. Be5 1-0

[Event "51 CIS serie A1/2"]
[Site "Verona"]
[Date "2019.03.17"]
[Round "4.1"]
[White "Di Paolo, Raffaele"]
[Black "Lain, Luigi"]
[Result "1/2-1/2"]
[WhiteElo "2336"]
[BlackElo "2242"]
[PlyCount "65"]
[EventDate "2019.03.14"]
[EventType "team"]
[EventRounds "5"]
[EventCountry "ITA"]
[WhiteTeam "Acqui"]
[BlackTeam "Vicenza 1"]
[WhiteTeamCountry "ITA"]
[BlackTeamCountry "ITA"]

1. e4 e5 2. Nf3 Nc6 3. Bb5 Nge7 4. Nc3 g6 5. d4 exd4 6. Nd5 Bg7 7. Bg5 h6 8.
Bf6 Bxf6 9. Nxf6+ Kf8 10. O-O Kg7 11. Nd5 d6 12. Nxd4 Nxd5 13. exd5 Nxd4 14.
Qxd4+ Qf6 15. Qb4 a6 16. Bd3 Bf5 17. Bxf5 Qxf5 18. Qxb7 Rab8 19. Qxc7 Rhc8 20.
Qxd6 Rxb2 21. Qxa6 Rcxc2 22. Qa7 Qxd5 23. a4 Ra2 24. Qe3 Qg5 25. Rxa2 Rxa2 26.
Qb3 Qd2 27. g3 h5 28. h4 Kg8 29. Qb8+ Kh7 30. Qf8 Qd5 31. Qb4 Qd7 32. Qc3 Rxa4
33. Re1 1/2-1/2

[Event "51 CIS serie A1/2"]
[Site "Verona"]
[Date "2019.03.17"]
[Round "4.2"]
[White "Gennari, Jacopo"]
[Black "Madiai, Federico"]
[Result "1/2-1/2"]
[WhiteElo "2096"]
[BlackElo "2239"]
[PlyCount "77"]
[EventDate "2019.03.14"]
[EventType "team"]
[EventRounds "5"]
[EventCountry "ITA"]
[WhiteTeam "Vicenza 1"]
[BlackTeam "Acqui"]
[WhiteTeamCountry "ITA"]
[BlackTeamCountry "ITA"]

1. d4 d5 2. c4 e6 3. Nc3 Nf6 4. cxd5 Nxd5 5. e4 Nxc3 6. bxc3 c5 7. Nf3 cxd4 8.
cxd4 Bb4+ 9. Bd2 Bxd2+ 10. Qxd2 O-O 11. Bc4 Nd7 12. O-O b6 13. e5 Bb7 14. Qe2
Qe7 15. a4 Rfd8 16. Rfd1 Rac8 17. Ba6 Bxf3 18. Qxf3 Rc7 19. Rac1 Rxc1 20. Rxc1
Nf8 21. Rc4 Ng6 22. g3 h6 23. Bb5 Qg5 24. Rc7 Ne7 25. h4 Qf5 26. Qxf5 Nxf5 27.
Rxa7 Nxd4 28. Rb7 Nxb5 29. axb5 Rd5 30. Rxb6 Rxe5 31. Rb8+ Kh7 32. b6 Kg6 33.
Kg2 Kf6 $11 34. b7 Rb5 35. Kf3 Kf5 36. g4+ Ke5 37. Kg3 Rb3+ 38. f3 g6 39. Rh8
1/2-1/2

[Event "51 CIS serie A1/2"]
[Site "Verona"]
[Date "2019.03.17"]
[Round "4.3"]
[White "Quirico, Paolo"]
[Black "Corà, Massimo"]
[Result "1-0"]
[WhiteElo "2071"]
[BlackElo "2086"]
[PlyCount "97"]
[EventDate "2019.03.14"]
[EventType "team"]
[EventRounds "5"]
[EventCountry "ITA"]
[WhiteTeam "Acqui"]
[BlackTeam "Vicenza 1"]
[WhiteTeamCountry "ITA"]
[BlackTeamCountry "ITA"]

1. d4 c5 2. d5 Nf6 3. Nc3 g6 4. e4 d6 5. Nf3 Bg7 6. Bb5+ Nbd7 7. a4 O-O 8. O-O
a6 9. Be2 Rb8 10. a5 b5 11. axb6 Rxb6 12. Nd2 Qc7 13. Re1 Rb4 14. Bf1 Nh5 15.
Nc4 Ne5 16. Na5 f5 17. Nc6 Nxc6 18. dxc6 Rd4 19. Qe2 fxe4 20. Nxe4 Qxc6 21. Ng5
e5 22. c3 Nf4 23. Qc2 Bf5 24. Qb3+ c4 25. Qa2 Nd3 26. cxd4 Nxe1 27. Qxc4+ Qxc4
28. Bxc4+ Kh8 29. Nf7+ Rxf7 30. Bxf7 Bd3 31. dxe5 Nc2 32. Ra4 Bxe5 33. Bc4 Bf5
34. Rxa6 Kg7 35. Ra7+ Kf8 36. Bh6+ Ke8 37. b3 Nd4 38. Rxh7 Ne6 39. Ra7 Nf4 40.
Bxf4 Bxf4 41. Bd5 Bd2 42. h4 Bc3 43. g3 Bd3 44. Kg2 Bd4 45. Rb7 Kd8 46. f3 Ba6
47. Rh7 Be2 48. Rh6 Bd3 49. Be4 1-0

[Event "51 CIS serie A1/2"]
[Site "Verona"]
[Date "2019.03.17"]
[Round "4.4"]
[White "De Grandi, Samuele"]
[Black "Bisi, Samuele"]
[Result "1/2-1/2"]
[WhiteElo "1947"]
[BlackElo "2080"]
[PlyCount "111"]
[EventDate "2019.03.14"]
[EventType "team"]
[EventRounds "5"]
[EventCountry "ITA"]
[WhiteTeam "Vicenza 1"]
[BlackTeam "Acqui"]
[WhiteTeamCountry "ITA"]
[BlackTeamCountry "ITA"]

1. c4 Nf6 2. g3 c5 3. Bg2 d5 4. cxd5 Nxd5 5. Nc3 Nc7 6. Nf3 Nc6 7. O-O e5 8. d3
Be7 9. Nd2 Bd7 10. Nc4 f6 11. a4 O-O 12. f4 Ne6 13. fxe5 fxe5 14. e3 Ng5 15.
Qe2 Qe8 16. Ne4 Qg6 17. Bd2 Nh3+ 18. Bxh3 Bxh3 19. Rxf8+ Rxf8 20. Nf2 Be6 21.
Bc3 Bf6 22. Nd2 h5 23. Nde4 Be7 24. Rc1 h4 25. g4 b6 26. h3 Bd5 27. Rf1 c4 28.
Nd2 cxd3 29. Nxd3 Bd6 30. Rxf8+ Kxf8 31. e4 Be6 32. Qf2+ Qf6 33. Nf3 Ke8 34.
Nxh4 Bc4 35. Qxf6 gxf6 36. Ne1 Bb3 37. Nf5 Bc5+ 38. Kg2 Bb4 39. Bxb4 Nxb4 40.
Nd6+ Kf8 41. a5 bxa5 42. Nb5 Nc6 43. h4 a4 44. Kg3 Na5 45. Na3 Nc6 46. g5 fxg5
47. hxg5 Kg7 48. Kh4 Nd4 49. Nd3 Nc6 50. Kh5 Bd1+ 51. Kh4 Be2 52. Nc5 Bf3 53.
Kg3 Bd1 54. Nd3 Be2 55. Nc5 Bd1 56. Nd3 1/2-1/2

[Event "51 CIS serie A1/2"]
[Site "?"]
[Date "2019.03.17"]
[Round "5.1"]
[White "Lain, Luigi"]
[Black "Genocchio, Daniele"]
[Result "1/2-1/2"]
[WhiteElo "2242"]
[BlackElo "2350"]
[PlyCount "86"]
[EventDate "2019.??.??"]
[WhiteTeam "Vicenza 1"]
[BlackTeam "Il Grifone di Arzignano"]

1. d4 d6 2. c4 e5 3. d5 f5 4. e4 fxe4 5. Nc3 Nf6 6. Nge2 Be7 7. Ng3 O-O 8.
Ncxe4 Nxe4 9. Nxe4 Bf5 10. Bd3 Nd7 11. O-O Qe8 12. Qc2 Qg6 13. Be3 Kh8 14. b4
a6 15. f3 c6 16. dxc6 bxc6 17. Nf2 Bxd3 18. Qxd3 Qxd3 19. Nxd3 Rfc8 20. c5 d5
21. Rfe1 Bf6 22. Rad1 Kg8 23. Bd2 Kf7 24. Bc3 Re8 25. Re2 e4 26. Bxf6 Nxf6 27.
fxe4 Nxe4 28. Rf1+ Kg8 29. Rb1 Nc3 30. Rxe8+ Rxe8 31. Rb3 d4 32. Kf1 Re3 33.
Nf2 Kf7 34. Ra3 Ke6 35. Rxa6 Kd5 36. a4 Kc4 37. Rxc6 d3 38. Nxd3 Rxd3 39. Rc7
Kxb4 40. Rxg7 Kxc5 41. Rxh7 Rd2 42. a5 Ra2 43. Ra7 Nb5 1/2-1/2

[Event "51 CIS serie A1/2"]
[Site "?"]
[Date "2019.03.17"]
[Round "5.2"]
[White "De Santis, Alessio"]
[Black "Gennari, Jacopo"]
[Result "1/2-1/2"]
[WhiteElo "2267"]
[BlackElo "2090"]
[PlyCount "55"]
[EventDate "2019.??.??"]
[WhiteTeam "Il Grifone di Arzignano"]
[BlackTeam "Vicenza 1"]

1. Nf3 d5 2. b3 Nf6 3. Bb2 e6 4. e3 Nbd7 5. c4 b6 6. cxd5 exd5 7. Nc3 Be7 8.
Be2 O-O 9. O-O Bb7 10. Rc1 c5 11. d4 Ne4 12. dxc5 Ndxc5 13. Rc2 Nxc3 14. Bxc3
Ne4 15. Bb2 Bf6 16. Qa1 Bxb2 17. Qxb2 Rc8 18. Rfc1 Qd6 19. Bd3 g6 20. Rxc8 Rxc8
21. Rxc8+ Bxc8 22. Bxe4 dxe4 23. Nd4 Bd7 24. Qc2 Qc5 25. Kf1 Qxc2 26. Nxc2 Kf8
27. Ke2 Ke7 28. Nd4 1/2-1/2

[Event "51 CIS serie A1/2"]
[Site "?"]
[Date "2019.03.17"]
[Round "5.4"]
[White "Navarro, Stefano"]
[Black "De Grandi, Samuele"]
[Result "1/2-1/2"]
[WhiteElo "2268"]
[BlackElo "1947"]
[PlyCount "37"]
[EventDate "2019.??.??"]
[WhiteTeam "Il Grifone di Arzignano"]
[BlackTeam "Vicenza 1"]

1. e4 c5 2. Nf3 g6 3. d4 cxd4 4. Nxd4 Bg7 5. Nc3 Nc6 6. Be3 Nf6 7. Nb3 O-O 8.
Be2 a5 9. a3 a4 10. Nc1 Qa5 11. Bd2 Qd8 12. Bf4 Qa5 13. O-O Nxe4 14. Nxe4 Qf5
15. Nd3 Qxe4 16. Re1 Qf5 17. c3 Qa5 18. Bf3 Bf6 19. Nb4 1/2-1/2

[Event "51 CIS serie A1/2"]
[Site "Verona"]
[Date "2019.03.17"]
[Round "5.1"]
[White "Mukic, Josko"]
[Black "Di Paolo, Raffaele"]
[Result "1-0"]
[WhiteElo "2311"]
[BlackElo "2336"]
[PlyCount "157"]
[EventDate "2019.03.14"]
[EventType "team"]
[EventRounds "5"]
[EventCountry "ITA"]
[WhiteTeam "U.S. Trentina"]
[BlackTeam "Acqui"]
[WhiteTeamCountry "ITA"]
[BlackTeamCountry "ITA"]

1. Nf3 g6 2. e4 Bg7 3. d4 d6 4. c4 Nf6 5. Nc3 O-O 6. Be2 e5 7. O-O Nc6 8. d5
Ne7 9. Ne1 Nd7 10. f3 f5 11. g4 Kh8 12. Nd3 Ng8 13. Be3 Bh6 14. Bf2 Bg5 15. Qe1
fxe4 16. fxe4 Nh6 17. h3 Be7 18. Kg2 Nf7 19. h4 Nf6 20. g5 Ng8 21. Be3 h6 22.
Qg3 Kg7 23. gxh6+ Ngxh6 24. h5 g5 25. Nf2 Qd7 26. Kh2 Kh7 27. Rg1 a6 28. Raf1
Rb8 29. a4 Rg8 30. Ng4 Qd8 31. Rf2 Bxg4 32. Bxg4 Nxg4+ 33. Qxg4 Nh6 34. Qe6 Rg7
35. Ne2 Qc8 36. Qxc8 Rxc8 37. Kg3 c6 38. dxc6 bxc6 39. b4 Rb8 40. Rb1 Ng8 41.
Nc3 Nf6 42. Rh2 Rgg8 43. Rb3 g4 44. b5 axb5 45. axb5 cxb5 46. cxb5 Rbc8 47. Kg2
Rc4 48. b6 Bd8 49. b7 Bc7 50. Rh1 Bb8 51. h6 Nxe4 52. Nxe4 Rxe4 53. Rc1 d5 54.
Rc8 d4 55. Bg5 Re2+ 56. Kf1 Re4 57. Ra3 Rxg5 58. Rxb8 Rf5+ 59. Kg2 Re2+ 60. Kg3
Rb2 61. Raa8 Rb3+ 62. Kg2 Rb2+ 63. Kg3 Rb3+ 64. Kh4 Kxh6 65. Rh8+ Kg7 66. Rag8+
Kf7 67. Rf8+ Ke6 68. Rh6+ Kd5 69. Rxf5 Rxb7 70. Kxg4 Ke4 71. Rg5 Rb5 72. Kg3 d3
73. Kf2 Rb2+ 74. Ke1 Re2+ 75. Kd1 Ra2 76. Rh4+ Kd5 77. Rgg4 Re2 78. Ra4 e4 79.
Rh5+ 1-0

[Event "51 CIS serie A1/2"]
[Site "Verona"]
[Date "2019.03.17"]
[Round "5.2"]
[White "Madiai, Federico"]
[Black "Mosna, Stefano"]
[Result "1-0"]
[WhiteElo "2239"]
[BlackElo "2100"]
[PlyCount "58"]
[EventDate "2019.03.14"]
[EventType "team"]
[EventRounds "5"]
[EventCountry "ITA"]
[WhiteTeam "Acqui"]
[BlackTeam "U.S. Trentina"]
[WhiteTeamCountry "ITA"]
[BlackTeamCountry "ITA"]

1. Nf3 Nf6 2. g3 b6 3. Bg2 Bb7 4. O-O d6 5. c4 c5 6. Nc3 Qd7 7. e3 Nc6 8. d4
Na5 9. Qd3 g6 10. b3 Bg7 11. Rb1 O-O 12. d5 e5 13. dxe6 Qxe6 14. Ng5 Qg4 15.
Bxb7 Nxb7 16. Nge4 Nd7 17. f3 Ne5 18. Qd1 Qf5 19. Nd5 Nc6 20. Qd2 Kh8 21. Bb2
Ne5 22. Qc2 Rae8 23. Kg2 Re6 24. Qc3 g5 25. g4 Qg6 26. Ng3 f5 27. gxf5 Rxf5 28.
Nxf5 Qxf5 29. e4 Qf4 1-0